Kumaravalmiki virachita torave ramayana samputa 2. (Record no. 115231)

MARC details
000 -LEADER
fixed length control field 00680nam a2200193Ia 4500
003 - CONTROL NUMBER IDENTIFIER
control field OSt
005 - DATE AND TIME OF LATEST TRANSACTION
control field 20251105105857.0
008 - FIXED-LENGTH DATA ELEMENTS--GENERAL INFORMATION
fixed length control field 210210b2002 xxu||||| |||| 00| 0 eng d
040 ## - CATALOGING SOURCE
Transcribing agency AL
041 ## - LANGUAGE CODE
Language code of text/sound track or separate title Kannada
082 ## - DEWEY DECIMAL CLASSIFICATION NUMBER
Classification number K894.1 KRAK
100 ## - MAIN ENTRY--PERSONAL NAME
Personal name KRASHNAMURTI (K S).
Dates associated with a name ಕೃಷ್ಣಮೂರ್ತಿ (ಕೆ ಎಸ್)
9 (RLIN) 244016
245 ## - TITLE STATEMENT
Title Kumaravalmiki virachita torave ramayana samputa 2.
Remainder of title ಕುಮಾರವಾಲ್ಮೀಕಿ ವಿರಚಿತ ತೊರವೆ ರಾಮಾಯಣ ಸಂಪುಟ ೨.
260 ## - PUBLICATION, DISTRIBUTION, ETC.
Place of publication, distribution, etc. Bengluru.
Name of publisher, distributor, etc. Kannada Sahithya Parishattu.,
Date of publication, distribution, etc. 2002
300 ## - PHYSICAL DESCRIPTION
Extent vi,702
690 ## - LOCAL SUBJECT ADDED ENTRY--TOPICAL TERM (OCLC, RLIN)
Topical term or geographic name as entry element Kannada Poetry
9 (RLIN) 244017
906 ## - LOCAL DATA ELEMENT F, LDF (RLIN)
a SG04331
942 ## - ADDED ENTRY ELEMENTS (KOHA)
Source of classification or shelving scheme Dewey Decimal Classification
Koha item type Book
Holdings
Withdrawn status Lost status Source of classification or shelving scheme Damaged status Not for loan Collection code Home library Current library Shelving location Date acquired Source of acquisition Cost, normal purchase price Total Checkouts Full call number Barcode Date last seen Date last checked out Price effective from Koha item type
    Dewey Decimal Classification     Kannada St Aloysius Library St Aloysius Library   02/17/2021 Athree Book Centre, Mangalore-01. 200.00 1 K894.1 KRAK SG04331 10/10/2025 10/09/2025 02/17/2021 Special Grants